| 000 | 00580nam a22002177a 4500 | ||
|---|---|---|---|
| 003 | OSt | ||
| 005 | 20140310181842.0 | ||
| 008 | 130709t xxu||||| |||| 00| 0 eng d | ||
| 020 | _a9780791031520 | ||
| 050 |
_aQP 361.5 _b.In62 2001 |
||
| 082 |
_aREF 612.821 _bN36 200 |
||
| 245 |
_aInvisible world / _bthe nervous system. |
||
| 260 |
_aNew Delhi : _b Sterlin Press., _cc2001. |
||
| 300 |
_a30 p. : _bill. col. ; _c28 cm. |
||
| 500 | _aIncludes index. | ||
| 521 | _aBasic Ed. Students | ||
| 541 | _j1 | ||
| 541 | _j2 | ||
| 562 | _e2 | ||
| 942 |
_2lcc _cBK-GR _kREF |
||
| 999 |
_c5026 _d5026 |
||